LDR 01041naa#a2200217#i#450# 001 RU\\bibl\126603 005 20260705085209.7 011 ## _a2222-7962 100 ## _a20260628b2026####ek#y0rusy0150####ca 102 ## _aRU 200 1# _aБиоразнообразие дендрофлоры на объектах озеленения ограниченного пользования _eЖурнальная статья 210 1# _aВоронеж _cВоронежский государственный лесотехнический университет имени Г.Ф. Морозова _d2026 215 ## _a16 с. 608 ## _aЖурнальная статья _2local 675 ## _aСельское хозяйство. Лесное хозяйство. Охота. Рыбное хозяйство. 63 _z 700 #1 _aСтраздаускене _gС. Р. 700 #1 _aКуприянова _gА. Г. 700 #1 _aМакаров _gС. С. 700 #1 _aШаренкова _gМарина Г. 700 #1 _aЛазарева _gИрина В. 856 4# _anaukaru.ru _u